000 01542nam a2200433 i 4500
001 196200
003 ES-MaACL
005 20250815132823.0
008 240818s2004 sp | ||| ||spa
016 7 _abimoBNE20040408989
_2SpMaBN
017 _aM 3758-2004
_bOficina Depósito Legal Madrid
020 _a8428317070
035 _a(OCoLC)433600198
035 _a(SpMaBN)bimo0001937358
035 _a991015429589708606
040 _aSpMaBN
_bspa
_cSpMaBN
_erdc
080 _a698.12(035)
100 0 _aAuguste, Pierre
_923895
_eaut
240 1 0 _aDevenez un bon peintre
_lEspañol
245 1 0 _aPintura /
_cPierre Auguste ; [traducido por Beatriz Jäggi Kocher].
250 _a4ª ed., 2ª reimp.
260 _aMadrid :
_bThomson-Paraninfo,
_c2004.
300 _a127 p. :
_bil. ;
_c22 cm.
336 _2rdacontent
_atexto
337 _2rdamedia
_asin mediación
338 _2rdacarrier
_avolumen
490 1 _aBricolaje (Editorial Paraninfo)
500 _aÍndice
594 _aTraducción de: Devenez un bon peintre
650 7 _aPintura de edificios
_2embne
_9165640
830 _aBricolaje (Editorial Paraninfo)
_9238487
852 _aES-MaACL
_bR.152550
_cDEPOJ
_jN-9275
_hDonación: José Lázaro García
_xEncuadernación rústica
_9205302
903 _9234219
_aLázaro García, José
_ednr
942 _cMONOGRAFIA
_n0
999 _c196200
_d196200